| 000 | 00757nam a2200229 a 4500 | ||
|---|---|---|---|
| 003 | 0 | ||
| 005 | 20170425145831.0 | ||
| 008 | 000904s19uu xx 00 eng d | ||
| 020 | _a0-89565-280-3 | ||
| 050 |
_aTR(PS E _bM74 1984 |
||
| 100 | _aMoncure, Jane Belk | ||
| 245 |
_aMy "f" book / _cby Jane Belk Moncure ; illustrated by Linda Hohag. |
||
| 250 | _aRev. ed. My "f" sound box (c1977) | ||
| 260 |
_aChicago, Illinois : _bThe Child's World, _c1984. |
||
| 300 | _a32 p. ; ill. | ||
| 440 | _aMy First Steps to Reading (a-z) | ||
| 520 | _aLittle f puts fishm frogs, a fir tree, flowers and a fox in her box before having further adventures at a farmhouse fire. | ||
| 650 | _aReading | ||
| 650 | _aAlphabet | ||
| 942 |
_2ddc _cBK |
||
| 999 |
_c102671 _d102671 |
||